000 00503nam a2200193Ia 4500
003 GCL
008 140319s9999 xx 000 0 ara d
040 _aGCL /
_cGCL
082 0 4 _a633.1
_bج م
100 1 _aجمال الشرقاوى
245 1 0 _aمصر تستطيع تصدير القمح /
_cجمال الشرقاوى
300 _a56 ص
490 _a
650 0 4 _aمصر
650 0 4 _aالزراعة
650 0 4 _aالتنمية الزراعية
650 0 4 _aالقمح
942 _2ddc
_cBK
999 _c38148
_d38148